| 000 | 01007nam a22003017a 4500 | ||
|---|---|---|---|
| 003 | CHAP | ||
| 005 | 20220329135222.0 | ||
| 008 | 971013s1973 r 00010 d | ||
| 010 | _a32806 | ||
| 011 | _a33778 | ||
| 035 | _a37894 | ||
| 040 | _cCHAP | ||
| 090 | _aFolleto 1046 | ||
| 100 | 0 | 0 |
_aCuevas Ortega, Sergio. _930174 |
| 245 | _aAlimentación de la vaca lechera | ||
| 260 |
_aMéxico : _bFondo de Garantía y Fomento para la Agricultura, Ganadería y Avicultura, _c1973 |
||
| 300 |
_a20 p. _b: ilus. |
||
| 590 |
_aBATCH-UPD _b10 _c20130110 _lUCH01 _h1729 |
||
| 590 |
_aBATCH-UPD _b10 _c20130410 _lUCH01 _h1110 |
||
| 590 |
_aBATCH-UPD _b10 _c20130914 _lUCH01 _h1516 |
||
| 590 |
_aCONVERSION _b10 _c20130109 _lUCH01 _h1318 |
||
| 650 | 1 | 4 |
_aGanado lechero _xAlimentación. _945238 |
| 901 | _aBK | ||
| 942 | _cFOLL | ||
| 949 |
_aFolleto 1046 _bBC _cFOLL _d-86823 _eTS1 _i37894 _si |
||
| 949 |
_aFolleto 1046 _bBC _cFOLL _d-86824 _eTS2 _fc.2 _i37894 _si |
||
| 949 |
_aFolleto 1046 _bBC _cFOLL _d-86825 _eTS2 _fc.3 _i37894 _si |
||
| 999 |
_c32806 _d32806 |
||